[Event "EU-ch 2nd"]
[Site "Ohrid"]
[Date "2001.06.11"]
[Round "10"]
[White "Gurevich, Mikhail"]
[Black "Psakhis, Lev"]
[Result "0-1"]
[WhiteElo "2691"]
[BlackElo "2575"]
[Annotator "Psakhis,L"]
[PlyCount "82"]
[EventDate "2001.06.01"]
[EventType "swiss"]
[EventRounds "13"]
[EventCountry "YUG"]
[SourceTitle "CBM 084"]
[Source "ChessBase"]
[SourceDate "2001.09.13"]
[SourceVersion "1"]
[SourceVersionDate "2001.09.13"]
[SourceQuality "1"]

1. d4 e6 2. c4 Nf6 3. Nc3 Bb4 4. Qc2 O-O 5. a3 Bxc3+ 6. Qxc3 d6 7. Bg5 Nbd7 8.
f3 d5 (8... h6 9. Bh4 e5 10. e3 Qe8 11. Bd3 e4 12. Bc2 d5 13. b3 Qe6 14. Ne2
exf3 15. gxf3 Re8 16. Kf2 b6 17. Nf4 Qc6 {Keatinge Clay,A-Eperjesi,L/
Budapest-6 IM-B 2000/The Week in Chess 292/0-1 (38)}) 9. e3 c6 $146 (9... Re8
$5 10. Nh3 (10. cxd5 exd5 11. Bh4 Qe7 12. Bf2 c5 13. Ne2 b6 14. Ng3 cxd4 15.
Qxd4 Nc5 16. Rd1 Bd7 17. b4 Ne6 18. Qb2 Ba4 19. Rd2 Rac8 20. Be2 Qd7 21. O-O
Rc7 22. Nf5 Rec8 23. Qe5 Rc2 24. Rxc2 {Seirawan,Y-Sax,G/Wijk aan Zee 1992/ /1/
2-1/2 (46)}) 10... h6 11. Bh4 c6 12. Nf2 (12. cxd5 exd5 13. Bf2 c5 14. Nf4 cxd4
15. Qxd4 Qa5+ 16. b4 Qb6 17. Qd2 a5 18. b5 Nc5 19. Rd1 Nb3 20. Qb2 a4 {
Kasparov,G-Sax,G/Reykjavik 1988/Inf 46/[Sax,Gy]/1-0 (38)}) 12... e5 13. dxe5
Nxe5 14. Rd1 Qe7 15. cxd5 cxd5 16. Bb5 Bd7 17. Bxf6 Qxf6 18. Bxd7 Nxd7 19. Qxf6
Nxf6 20. Kd2 Rac8 21. Rc1 Kf8 22. Nd3 Ke7 23. g4 Kd6 $11 {1/2-1/2 Hjartarson,
J-Psakhis,L/Moscow GMA 1990 (29)}) 10. Bd3 Re8 11. Ne2 h6 (11... e5 $6 12. cxd5
Nxd5 $140 $2 13. Bxh7+ $1 $18) 12. Bh4 e5 13. cxd5 Nxd5 (13... exd4 $5 14. Qxd4
Qa5+ 15. b4 Qxd5 16. Qxd5 Nxd5 17. e4 Ne5) 14. Bxd8 Nxc3 15. bxc3 Rxd8 16. Kf2
c5 17. Rac1 (17. Rhd1 $5) 17... b6 18. Rhd1 Bb7 19. Bb5 (19. Bf5 cxd4 20. cxd4
exd4) 19... cxd4 20. cxd4 exd4 21. Nxd4 (21. exd4 Nf6 22. Rc7 Bd5 $11) 21...
Nc5 22. Nf5 Rxd1 23. Rxd1 Kf8 24. g4 $5 (24. e4 $142 {[%cal Gf2e3]} Bxe4 $140
$2 25. fxe4 Nxe4+ 26. Kf3 Nc3 27. Bc6) 24... a6 $1 25. Bc4 $6 (25. Be2 Rc8)
25... b5 26. Be2 (26. Ba2 Rc8 27. h4) 26... Re8 27. Rd6 $6 (27. e4 $5 Bc8 28.
Rd5 Na4 $13) 27... Rc8 $1 28. h4 (28. e4 $2 Bxe4) 28... Bc6 $11 {[%cal Ga6a5,
Gb5b4]} 29. Nd4 Bd7 30. Rd5 $138 (30. Rb6 Ke7) (30. e4 $2 Bxg4 $1) 30... Ke7
$15 31. Nf5+ $6 (31. e4 Na4 {[%cal Gc8c3]}) 31... Bxf5 32. gxf5 Na4 33. Rd3 (
33. Ke1 Rc2 34. Bd1 $140 Rc1) (33. f6+ gxf6 34. Rh5 Kf8 35. Rxh6 Kg7 36. Rh5
Rc3 $19) 33... Rc2 34. Ke1 Nc3 35. Bf1 (35. Bd1 Rc1 (35... Nxd1 36. Kxd1 $17)
36. Kd2 Rxd1+ 37. Kxc3 Rxd3+ 38. Kxd3 Kf6 39. e4 g5 $19) 35... a5 36. Rd2 $6 (
36. e4 b4 37. axb4 axb4 38. Rd2 (38. Rd4 Rc1+ 39. Kf2 b3 40. Rb4 b2) 38... Rc1+
39. Kf2 b3 40. Bd3 b2 $1 $19) 36... Rxd2 37. Kxd2 Nb1+ 38. Kd3 (38. Kc2 Nxa3+
39. Kb3 Nc4 40. Bxc4 bxc4+ 41. Kxc4 Kf6 42. e4 Ke5 43. Kb5 Kf4 44. Kxa5 f6)
38... Nxa3 39. Kd4 (39. e4 $1 b4 40. f4 a4) 39... Nc2+ 40. Kd3 Ne1+ 41. Ke2 (
41. Ke4 b4 42. Bc4 a4 43. f4 b3 44. Kd4 Nc2+) 41... a4 $1 (41... a4 42. Kxe1 a3
) 0-1

[Event "Olympiad-32"]
[Site "Yerevan"]
[Date "1996.09.21"]
[Round "6.2"]
[White "Georgiev, Kiril"]
[Black "Damaso, Rui"]
[Result "1-0"]
[WhiteElo "2620"]
[BlackElo "2420"]
[Annotator "Psakhis,L"]
[PlyCount "73"]
[EventDate "1996.09.15"]
[EventType "team-swiss"]
[EventRounds "14"]
[EventCountry "ARM"]
[SourceTitle "CBM 055"]
[Source "ChessBase"]
[SourceDate "1996.12.01"]
[SourceVersion "1"]
[SourceVersionDate "1996.12.01"]
[SourceQuality "1"]
[WhiteTeam "Bulgaria"]
[BlackTeam "Portugal"]
[WhiteTeamCountry "BUL"]
[BlackTeamCountry "POR"]

1. d4 Nf6 2. c4 e6 3. Nc3 Bb4 4. Qc2 O-O 5. a3 Bxc3+ 6. Qxc3 Ne4 $5 7. Qc2 f5
8. Nh3 Nc6 (8... d6 9. f3 Nf6 10. e3 Qe7 11. Bd3 a5 12. Bd2 b6 13. O-O Bb7 14.
b4 axb4 15. axb4 Nbd7 16. Qb2 $14 {Kharlov,A-Vyzmanavin,A/Novosibirsk(04)/1995/
CBM-50/}) (8... b6 9. f3 Nd6 10. Bg5 Qe8 11. e3 c5 12. dxc5 bxc5 13. b4 Nf7 14.
Bh4 a5 15. b5 d6 16. Be2 Nd7 $13 {Sorokin,M-Milos,G/Villa Gesell/1996/0,5/43/})
9. e3 (9. f3 Nf6 10. e3 e5 $5 11. dxe5 Nxe5 12. Nf4 d6 13. Be2 g5 $10 {Kharlov,
A-Makarichev,S/Moscow(RUS-cht)1994/0,5/21/}) 9... b6 {N/} (9... d6 $5 10. f3
Nf6 11. Nf2 e5 12. d5 Ne7 13. Be2 a5 14. b3 Bd7 15. O-O Ng6 $10 {Sokolov,I-De
Firmian,N/New York/1996/0,5/23/}) 10. f3 Nf6 11. Be2 Bb7 (11... Ne7 $5 12. O-O
d6) 12. b4 Ne7 13. Bb2 Ng6 14. O-O $14 Qe7 (14... d6 $5 15. Rfe1 Qd7) 15. Rfe1
c5 (15... d6 16. Bd3) 16. bxc5 (16. dxc5 bxc5 17. Rab1 $14) 16... bxc5 17. Rab1
Rab8 (17... d6 18. dxc5 dxc5 19. Red1 $36) 18. Bd3 Nh4 (18... d6 19. dxc5 dxc5
20. Nf4 $5 e5 (20... Nxf4 21. exf4 $16) 21. Nd5 Nxd5 22. cxd5 Bxd5 23. Bxf5)
19. d5 $1 (19. Qf2 Ne4 $5 20. Qe2 Nf6) 19... exd5 (19... Ng6 20. Nf4) (19... e5
20. Bxf5 Nxf5 21. Qxf5 e4 22. Qe5 $16) 20. Nf4 $1 (20. Bxf6 Qxf6 21. cxd5 Bxd5
22. Bc4 Qc6) 20... d4 (20... dxc4 21. Bxc4+ (21. Qxc4+ Kh8 $1 (21... Qf7 $2 22.
Qxf7+ Rxf7 23. Be5 d6 24. Bxd6 Rd8 25. Bc4 $18) (21... Rf7 22. Bxf6 Qxf6 23.
Qxc5 Rc8 24. Qxa7 Bxf3 25. Rec1 $1 Rxc1+ (25... Ra8 26. Bc4 $1 $18) 26. Rxc1
Bc6 27. Bc4 d5 28. Bxd5 Bxd5 29. Rc8+ Rf8 30. Rxf8+ Qxf8 (30... Kxf8 31. Qb8+
Kf7 32. Qc7+ Ke8 33. Qc8+ $16) 31. Nxd5 $16) 22. Bxf6 Qxf6 (22... gxf6 23. Nh3
$5) 23. Qxc5 Bxf3 24. Rxb8 Rxb8 25. Qxa7 Qd8 (25... Ra8 26. Rb1 $5) 26. g3 $5)
21... Kh8 (21... d5 $2 22. Bxf6 Qxf6 23. Rxb7 dxc4 24. Qxc4+ Kh8 25. Rxb8 Rxb8
26. Qxc5 $16) 22. Qf2 Ne8 (22... Ng6 $4 23. Nxg6+ hxg6 24. Qh4+) 23. Qg3 $44)
21. Qf2 $1 $16 (21. exd4 Qd6 22. Nd5 (22. Qd2 Bxf3 $5) 22... Nxd5 23. cxd5 Bxd5
24. dxc5 Qf4 25. Qf2 $14) 21... Ne4 $5 (21... Ng6 22. Nxg6 hxg6 23. exd4 Qd6
24. Bf1 $16) 22. fxe4 (22. exd4 $1 Qg5 $5 (22... Nxf2 23. Rxe7 Nxd3 24. Nxd3
Rf7 25. Rxf7 Kxf7 26. Ba1 $18) 23. fxe4 fxe4 24. Bxe4 Rxf4 25. Bc1 $1 Rxf2 26.
Bxg5 $18) 22... fxe4 23. Bf1 $2 (23. exd4 $1 Qg5 24. Bxe4 Rxf4 25. Bc1) 23...
g5 24. Nd5 Bxd5 25. Qd2 Bf7 $2 (25... Rxf1+ $1 26. Rxf1 Bxc4 $17) 26. exd4 Bg6
(26... Nf5 $5 27. dxc5 (27. d5 $44) 27... Qxc5+ 28. Kh1) 27. Rbd1 (27. dxc5
Qxc5+ 28. Bd4 Qd6) 27... Nf5 28. dxc5 Qxc5+ 29. Kh1 Ne3 $2 (29... Rf7 $1 30.
Qc3 Ng7 $13) 30. Qc3 $1 Rxb2 $8 31. Rxd7 $1 Rf7 32. Rxf7 Bxf7 33. Qxb2 Nxf1 (
33... Ng4 34. Qb8+ Kg7 35. h3 Nf2+ 36. Kh2) 34. Rxf1 Bxc4 35. Qb8+ Kg7 36. Qb7+
Kg8 (36... Kg6 37. Qxe4+) 37. Rc1 $1 1-0

[Event "FIDE-Wch k.o."]
[Site "Groningen"]
[Date "1997.12.10"]
[Round "1.2"]
[White "Gulko, Boris F"]
[Black "Aleksandrov, Aleksej"]
[Result "1/2-1/2"]
[WhiteElo "2580"]
[BlackElo "2660"]
[Annotator "Psakhis,L"]
[PlyCount "53"]
[EventDate "1997.12.09"]
[EventType "k.o."]
[EventRounds "7"]
[EventCountry "NED"]
[SourceTitle "CBM 063"]
[Source "ChessBase"]
[SourceDate "1998.03.26"]
[SourceVersion "1"]
[SourceVersionDate "1998.03.26"]
[SourceQuality "1"]

1. c4 {Finkel,A} Nf6 2. Nc3 e6 3. d4 Bb4 4. Qc2 O-O 5. a3 Bxc3+ 6. Qxc3 b6 7.
Bg5 Bb7 8. e3 c5 9. dxc5 bxc5 10. f3 Nc6 (10... h6 {Finkel,A} 11. Bh4 Nc6 12.
O-O-O Rc8 13. Bxf6 gxf6 14. Kb1 d5 $6 15. cxd5 exd5 16. Qxc5 Ne5 17. Qd4 Qc7
18. Nh3 $16 {Hjartarson,J-Speelman,J/Reykjavik/1991/}) (10... Re8 $5 {Finkel,A}
11. Nh3 h6 12. Bh4 e5 $6 13. O-O-O a5 14. Nf2 Qb6 15. Qc2 a4 16. Qf5 $16 {
Malaniuk,V-Forintos,G/MK Cafe, Koszalin POL 1997 (39)}) (10... a5 $5 {Finkel,A}
11. Nh3 h6 12. Bh4 d6 13. O-O-O Ra6 14. Bxf6 $6 Qxf6 15. Qxf6 gxf6 $11 {
Polgar,Z-Polugaevsky,L/Monaco rapid 1993/1/2-1/2 (65)}) 11. Nh3 h6 (11... d5 {
Finkel,A} 12. Bxf6 gxf6 13. cxd5 exd5 14. Qxc5 Re8 $5 15. O-O-O Rc8 16. Kb1 Re5
$1 $132 {Silman,J-Browne,W/Philadelphia 1991 (20)}) 12. Bh4 Ne4 $1 {It is
interesting that this variation great popularity in games between woman , move
in text much stronge than} (12... Qa5 $6 13. Qxa5 Nxa5 14. b4 $1 cxb4 15. axb4
Nc6 16. b5 Ne7 17. Bd3 (17. Bxf6 {Finkel,A} gxf6 18. Nf4 a6 19. bxa6 Bxa6 $11 {
Onischuk,A-Kiriakov,P/EUchJ Vejen 1993 (25)}) 17... Rfc8 18. Ke2 $1 $16 d5 19.
Rhc1 dxc4 20. Rxc4 Rxc4 21. Bxc4 $16 {1/2-1/2 Dokhoian,Y-Khalifman,A/
Deutschland 1994 (47)}) (12... d6 13. Nf2 Qa5 14. Bxf6 (14. Qxa5 Nxa5 15. b4 $5
) 14... gxf6 15. Ne4 Qxc3+ 16. Nxc3 Rfd8 {1/2-1/2 Babu,N-Tilak,S/IND-ch
Kasaragod 1996}) (12... Rc8 {Finkel,A} 13. O-O-O Ne4 14. Qe1 $1 (14. Bxd8 Nxc3
15. Rxd7 Rfxd8 16. Rxd8+ Rxd8 17. bxc3 Ne5 $17) 14... g5 15. Bg3 Nxg3 16. hxg3
Qa5 (16... Qe7 17. Nf2 Kg7 18. Qc3+ $16) 17. Qxa5 Nxa5 18. Nf2 Kg7 (18... d5
19. cxd5 Bxd5 20. Rxh6 c4 21. e4 $16) 19. Rxd7 Rfd8 20. Rxd8 (20. Rd3 Ba6 $132)
20... Rxd8 21. Kc2 (21. b4 $2 cxb4 22. axb4 Nxc4 23. Bxc4 Rc8 $15) 21... Ba6
22. Kc3 $16 {Yrjola,J-Gausel,E/Nordic zt 1992/1/2-1/2 (55)} (22. b3 Rb8)) {
few next moves are forced.} 13. Bxd8 Nxc3 14. Bc7 Rfc8 15. Bd6 Na4 {[%csl Gd6,
Rh3]} 16. b3 ({Deserves attention} 16. b4 $5 Nd8 17. Nf4 a6 18. Nd3 cxb4 19.
axb4 Bc6 20. Ne5 Nb7 21. Nxc6 dxc6 22. Bg3 Nb6 23. Rb1 Na4 $13 {with
complicated position  1/2-1/2 Alexandria,N-Litinskaya,M/Malayzia iztW 1990 (60)
}) 16... Nb6 17. Be2 (17. Bd3 Na5 18. Bc2 Ba6 19. O-O-O Nb7 20. Bg3 d5 21. cxd5
exd5 22. Nf4 Rd8 $13 {0-1 Alexandria,N-Demina,J/Malayzia iztW 1990 (48)}) (17.
Nf2 $5 Na5 18. Rb1 Ba6 19. Be2 f6 20. Bg3 d5 21. cxd5 Bxe2 22. Kxe2 exd5 23. e4
$14 {0-1 Botsari-Zayac/Moscow olw 1994 (79)}) (17. Bxc5 Na5 18. Bxb6 axb6 19.
Rb1 d5 $44) 17... Na5 18. Rb1 Ba6 {[%cal Ga5b7,Gd7d5]} 19. e4 (19. Nf2 $5 f6
20. Bg3 d5 21. cxd5 Bxe2 22. Kxe2 exd5 23. e4 $5 (23. e4 {Finkel,A} c4 $1 $13 {
Botsari,A-Zayac,E/Moscow ol 1994/0-1 (79)})) ({Finkel: Deserved attention} 19.
Kf2 $5 {Finkel,A} Nb7 (19... g5 20. f4 f6 21. Bf3 Bb7 22. g4 Kg7 23. Rhd1 $14)
20. Rhd1 Nxd6 21. Rxd6 Kf8 22. Rbd1 Ke7 23. Nf4 $14 {with slightly better
chanses.}) 19... f6 20. Kf2 g5 {[%csl Rd6,Rh3][%cal Ge6e5] Finkel: Threatening
to cut off the bishop by e5.} (20... e5 21. f4 $14) 21. Bg3 Nc6 $1 {[%cal
Gc6d4]} 22. Ng1 Nd4 23. h4 $1 $11 d5 {Finkel: This typical breakthrough in the
center solves all opening problems.} 24. cxd5 Nxe2 25. Nxe2 exd5 26. hxg5 hxg5
27. exd5 {Interesting from theoretical point of view game.} 1/2-1/2

[Event "Olympiad-32"]
[Site "Yerevan"]
[Date "1996.10.01"]
[Round "14.3"]
[White "Dautov, Rustem"]
[Black "Psakhis, Lev"]
[Result "1/2-1/2"]
[WhiteElo "2615"]
[BlackElo "2590"]
[Annotator "Psakhis,L"]
[PlyCount "81"]
[EventDate "1996.09.15"]
[EventType "team-swiss"]
[EventRounds "14"]
[EventCountry "ARM"]
[SourceTitle "CBM 055"]
[Source "ChessBase"]
[SourceDate "1996.12.01"]
[SourceVersion "1"]
[SourceVersionDate "1996.12.01"]
[SourceQuality "1"]
[WhiteTeam "Germany"]
[BlackTeam "Israel"]
[WhiteTeamCountry "GER"]
[BlackTeamCountry "ISR"]

1. d4 e6 2. c4 Nf6 3. Nc3 Bb4 4. Qc2 O-O 5. a3 Bxc3+ 6. Qxc3 b6 7. Bg5 Bb7 8.
Nf3 d6 9. Nd2 Nbd7 10. f3 (10. e3 c5 11. dxc5 bxc5 12. Bd3 Qb6 13. O-O a5 14.
Qc2 Rab8 15. Rfd1 Bc6 16. Rab1 a4 $10 {Ostenstad,B-Johannessen,LE/NOR-ch Alta/
1996/0,5/73/}) 10... h6 (10... c5 11. e4 (11. e3 Rc8 12. dxc5 Rxc5 13. Bh4 d5
14. b4 Rc8 15. Qb2 $14) 11... cxd4 {N} (11... Re8 12. Be2 (12. Bd3 $5) 12... e5
$1 {Flear/} (12... Nxe4 $2 13. Nxe4) (12... Nd5 $5 13. cxd5 (13. Bxd8 {Flear/}
Nxc3 14. bxc3 Raxd8 $15) 13... Qxg5 14. dxe6 Qxg2 $5 (14... fxe6 15. O-O Nf6
$14) (14... Rxe6 $1 15. O-O $13) 15. O-O-O {Flear,G-Levitt,J/Hastings II/1991/
1:0/43/}) 13. dxe5 (13. d5 Nxd5) 13... dxe5 { []f8-e6-d4}) 12. Qxd4 Qc7 13.
Be2 Rfe8 14. O-O d5 15. cxd5 exd5 16. Rac1 Qd6 {Sokolov,I-Sadkowsky,D/
Antwerpen op/1996/1:0/39/}) 11. Bh4 c5 (11... Rc8 12. e4 e5 13. Bd3 Nxe4 14.
Bxd8 Nxc3 15. Bh4 e4 16. Bc2 exf3 17. bxc3 Rce8+ 18. Kd1 fxg2 19. Rg1 Re3 $132
{Ivanchuk,V-Karpov,An/Moscow 5'/1993/0:1/32/}) (11... d5 12. cxd5 exd5 13. e3
Re8 14. Bf2 c5 15. Bb5 a6 16. Bd3 cxd4 17. Qxd4 Nc5 18. O-O Nxd3 19. Qxd3 Nd7
20. Qd4 Qe7 21. Rac1 Rac8 22. Rfd1 Qe6 23. Nf1 Qe5 24. Qxe5 Nxe5 25. b3 Rxc1
26. Rxc1 Rc8 27. Rxc8+ Bxc8 28. Ng3 Be6 29. Ne2 Nc6 30. Nd4 {Lerner,K-Almasi,Z/
Wien op-1/1996/0,5/30/}) 12. e3 (12. e4 Re8 (12... cxd4 13. Qxd4 Ne5 14. b3 Ng6
15. Bxf6 Qxf6 16. Qxf6 gxf6 $13 {Dao,T-Kindermann,S/Munster/1993/1:0/45/}) (
12... Rc8 13. Bd3 (13. Bf2 Qe7 14. Be2 Nh5 15. g3 f5) 13... cxd4 14. Qxd4 Ne5
15. Be2 Ng6 16. Bxf6 Qxf6 17. Qxf6 gxf6 18. g3 d5 19. exd5 exd5 20. Kf2 $14)
13. Bd3 (13. Bf2 Rc8 14. dxc5 bxc5 15. Bd3 d5 16. cxd5 exd5 $13 {Kortchnoi,
V-Ljubojevic,L/Tilburg/1989/0,5/36/}) 13... Nf8 14. dxc5 bxc5 15. Bxf6 Qxf6 16.
Qxf6 gxf6 17. b4 Nd7 18. Kf2 $14) 12... Qc7 $5 {N/} (12... Rc8 13. dxc5 Nxc5
14. b4 Ncd7 15. Qd4 Qc7 16. Be2 d5 17. O-O $14 {Chekhov,V-Wojtkiewicz,A/POL
(t-ch)/1995/0,5/31/}) 13. dxc5 Qxc5 (13... bxc5 $5 14. O-O-O d5) 14. b4 Qh5 $5
(14... Qc7 15. Be2 (15. Bd3 $2 Nd5)) 15. Bg3 e5 (15... d5 16. Bd6 Rfd8 17. g4
Qg6 18. Bd3 Qg5 19. Bf4 Qh4+ 20. Bg3 Qg5) 16. Be2 (16. e4 Qg5 (16... a5 $5) 17.
Qd3 Nh5) 16... Qg5 $1 17. O-O (17. f4 exf4 18. exf4 Qf5 (18... Qg6 19. O-O) 19.
O-O d5 $13) 17... Nh5 18. Bf2 (18. f4 $2 Nxg3) 18... f5 $132 (18... d5 19. cxd5
Bxd5 20. Rac1) 19. Rfd1 Rf6 $5 20. Bf1 Rg6 21. Kh1 Kh8 (21... f4 22. Qd3 Ng3+
$140 23. Bxg3 fxg3 24. h3 $14) (21... Kh7 $5) 22. c5 $5 (22. e4 f4 23. Kg1 Nf8
24. a4 Bc8 $1) 22... bxc5 (22... Ba6 23. f4 (23. Nc4 Bxc4 24. Qxc4 bxc5) 23...
exf4 24. Nf3 Qg4 25. Nh4 (25. h3 Ng3+ 26. Bxg3 (26. Kg1 $2 Ne2+ $19) 26... Qxg3
) 25... Bxf1 26. Nxg6+ Qxg6 27. Rxf1 bxc5 28. exf4 $14) 23. Nc4 Qe7 $8 24. bxc5
$6 (24. Na5 Rb8) (24. Qd2 $5 Ba6 (24... d5 25. Na5 Ndf6 26. bxc5) 25. Nxe5 dxe5
26. Qxd7 Qxd7 (26... Qg5 27. b5 $1 $18) 27. Rxd7 Bxf1 28. Rxf1 cxb4 29. axb4
Rb6 30. e4 Rxb4 31. exf5 a5 $13) 24... Nxc5 25. Na5 (25. e4 fxe4 26. Rxd6 (26.
Nxd6 exf3 27. Nxb7 fxg2+ 28. Bxg2 Rxg2 $1 29. Kxg2 Qxb7+ 30. Qf3 Nf4+ 31. Kg3
Ne4+ $19) 26... Rxd6 27. Bxc5 (27. Nxd6 Qxd6 28. Bxc5 Qc7 $17) 27... Rd3 $1 28.
Bxd3 Qxc5 29. fxe4 Nf4 $15) 25... Rc8 (25... Bc8 $5 $15) 26. Nxb7 Qxb7 27. Qb4
Qc6 28. Rac1 (28. Bb5 Qc7) 28... Nf6 29. Qd2 Nfd7 (29... e4 $5 30. f4 $1 $15 (
30. Be2 exf3 31. Bxf3 (31. gxf3 Nce4 $1 32. Qe1 Qxc1 33. fxe4 Nxe4 $19) 31...
Nfe4 32. Bxe4 Qxe4 $17) (30. Qe2)) 30. Bh4 $1 {xg6} Nb6 31. Be7 Nba4 (31... Nb3
$5 32. Rxc6 Nxd2 33. Rxb6 (33. Rxc8+ Nxc8 34. Rxd2 Nxe7) 33... Nxf1 34. Rb3 Nd2
$1) (31... Qb7 32. Bxd6 Nb3 33. Rxc8+ Nxc8 34. Qb4 Nxd6 35. Rxd6 Qxb4 36. Rd8+
Kh7 37. axb4) 32. Bc4 (32. Bxd6 $2 Rd8 $19) 32... Qe8 (32... Qb7 33. Bf7 Rxg2
34. Qxg2 Qxe7 35. Qg6) 33. Bh4 Nb6 34. Ba2 $44 e4 35. f4 Nd3 36. Rxc8 Nxc8 (
36... Qxc8 37. Bf7 Rg4 38. Bg3 Qc5) 37. Bc4 $1 $10 Nb6 (37... Nc5 38. Qd5) 38.
Bxd3 exd3 39. Qxd3 Qc6 40. Bg3 Rf6 41. Bh4 1/2-1/2

[Event "Olympiad-33"]
[Site "Elista"]
[Date "1998.10.12"]
[Round "12.3"]
[White "Ekstroem, Roland"]
[Black "Psakhis, Lev"]
[Result "0-1"]
[WhiteElo "2510"]
[BlackElo "2560"]
[Annotator "Psakhis,L"]
[PlyCount "90"]
[EventDate "1998.09.29"]
[EventType "team-swiss"]
[EventRounds "13"]
[EventCountry "RUS"]
[SourceTitle "CBM 068"]
[Source "ChessBase"]
[SourceDate "1999.02.01"]
[SourceVersion "1"]
[SourceVersionDate "1999.02.01"]
[SourceQuality "1"]
[WhiteTeam "Switzerland"]
[BlackTeam "Israel"]
[WhiteTeamCountry "SUI"]
[BlackTeamCountry "ISR"]

1. d4 Nf6 2. c4 e6 3. Nc3 Bb4 4. Qc2 O-O 5. a3 Bxc3+ 6. Qxc3 b6 7. Bg5 Ba6 8.
e3 d6 9. Qc2 (9. b4 Nbd7 10. Bd3 c5 11. dxc5 bxc5 12. b5 Bb7 13. f3 d5 14. Ne2
Qb6 15. O-O dxc4 16. Bxc4 Nd5 $11 {0-1 Johansen,T-Gausel,E/NOR-ch Oslo 1998 
(43)}) 9... Nbd7 10. Ne2 Qc8 {N} (10... c5 11. dxc5 Nxc5 12. Nc3 Rc8 13. Rd1 h6
14. Bxf6 Qxf6 15. Rxd6 (15. b4 $5) 15... Nb7 16. Rd7 Rfd8 17. Rxd8+ Qxd8 18.
Be2 Bxc4 19. Bxc4 Rxc4 20. O-O Rc7 21. Rd1 Rd7 22. h3 Rxd1+ {1/2-1/2 Agrest,
E-Kortchnoi,V/Malmo 1996}) (10... d5 11. cxd5 exd5 12. Qc6 $1 $36) 11. O-O-O (
11. Nc3 c5 (11... d5 12. cxd5 exd5 (12... Bxf1 13. dxe6 Bxg2 14. exd7 Nxd7 15.
Rg1 Qb7 16. Qf5 $5 $16) 13. Bxa6 Qxa6 14. O-O-O Rac8 $132) 12. O-O-O (12. d5
exd5 13. cxd5 Bxf1 14. Rxf1 a6 $13) 12... cxd4 13. Rxd4 Qc5) 11... d5 (11... c5
$5 12. Nc3 $140 cxd4 13. Rxd4 Qc5 $13) 12. cxd5 (12. Nf4 dxc4 13. Bxc4 Bxc4 14.
Qxc4 Qb7 $11) 12... exd5 13. Nc3 (13. Ng3 Bxf1 14. Nf5 Qe8 $5 15. Rhxf1 Qe6 $11
) 13... Bxf1 14. Rhxf1 Re8 15. Qf5 (15. f3 $1 h6 $140 16. Bxf6 Nxf6 17. e4 $14)
15... c6 16. Kb1 Qb7 (16... b5 $143 $6 17. Bxf6 Nxf6 18. Qxc8 Raxc8 19. Rc1 $14
) 17. f3 b5 18. e4 g6 (18... a5 $5 19. e5 $140 b4 20. Na4 Nh5 21. g4 g6 22. Qd3
Ng7 $132) 19. Qf4 $6 (19. Qh3 $1 a5 (19... dxe4 20. fxe4 Nxe4 21. Nxe4 Rxe4 22.
Rxf7 $1 Kxf7 23. Qxh7+ Ke6 24. Qxg6+ Kd5 25. Qf5+ $18) 20. e5 b4 (20... Nh5)
21. exf6 $5 (21. Na4) 21... bxc3 22. Rf2 Re6 $8 (22... Qb3 $2 23. Qh6 Qxd1+ 24.
Ka2 $18) (22... Nf8 23. f4 cxb2 24. Qh6 Ne6 25. Rf3 $18) 23. f4 Nxf6 24. Bxf6 (
24. f5 Ne4 $1 $19) 24... Rxf6 25. Qxc3 Qb5 (25... Re8 26. Qxa5 Qe7 27. Ka1 $14)
26. Re1 $14) 19... Nh5 20. Qc1 (20. Qd6 Re6 21. Qb4 a5 22. Qb3 Nb6 $132) (20.
Qh4 a5 21. Na2 b4 22. a4 c5 $5 $13) 20... a5 $36 21. exd5 (21. g4 Ng7) 21...
cxd5 22. a4 $8 bxa4 23. Nxa4 Rec8 24. Nc5 (24. Qd2 Qb3 25. Nc5 (25. Nc3 a4 26.
g4 Ng7 27. Qc2 Qb7 $16) 25... Nxc5 26. dxc5 Rxc5 27. Be7 Rc4 $17) 24... Qb5 $1
25. Rf2 (25. Be7 Qe2 (25... a4 $5 $40) 26. Bd6 Qxg2 $16) (25. g4 Ng7 26. Be7
Ne6) 25... a4 (25... Nxc5 $2 26. Rc2 $1) 26. Be3 Nb6 (26... a3 $5 27. b3 $5
Nxc5 28. dxc5 Qxb3+ 29. Ka1 Rcb8 $1 30. Ra2 $1 (30. Bd4 Qb2+ $1) 30... Qb2+
$140 31. Qxb2 axb2+ 32. Kb1) 27. Ka1 Nc4 28. Qc3 Ng7 $1 29. Re1 Ne6 $17 30.
Rfe2 $1 (30. Nxe6 fxe6 31. Rc1 Qb3 $1 32. Bf4 a3 $1 33. Qxb3 axb2+ 34. Kb1 Ra1+
35. Kc2 bxc1=Q+ 36. Bxc1 Na5+ $19) 30... Rc6 (30... Nxe3 $5 31. Rxe3 Nxc5 32.
dxc5 Rxc5 $17) 31. Bh6 Na5 $1 32. Ka2 Nb3 33. Re5 (33. Be3 Rd8 34. Bf2 Nbxc5
35. dxc5 d4 $19) 33... Nbxc5 (33... Nbxd4 $2 34. Rxe6 fxe6 (34... Nxe6 35. Rxe6
Qb3+ $1) 35. Qxd4) 34. dxc5 Rxc5 35. Qa3 Rc2 $138 (35... Qb3+ $5 36. Qxb3 (36.
Ka1 Rc2) (36. Kb1 Qxa3 37. bxa3 Rb8+ 38. Ka1 Rb3 $19) 36... axb3+ 37. Kb1 (37.
Kxb3 $4 Nd4+ 38. Kb4 Rc4#) 37... Rc2 38. Rxd5 Rxg2 $17) 36. Kb1 Rac8 $2 (36...
Rxg2 $19) 37. Rd1 $1 R2c5 38. f4 Qc4 $138 (38... Nd4 $1 39. Rde1 (39. Rxd4 Qf1+
40. Ka2 Rc1 $19) (39. Qh3 Rb8 40. Qa3 Rc2 41. Rxd4 Rxb2+ 42. Ka1 Qf1+ $19)
39... Rc1+ $1 40. Rxc1 Rxc1+ 41. Kxc1 Nb3+ 42. Qxb3 axb3 $19) 39. Rde1 $2 (39.
Qd3 $8 a3 (39... Qxd3+ 40. Rxd3 Rc1+ 41. Ka2 R1c2 42. Rexd5 Rxg2 43. Rd2 $15)
40. Qxc4 Rxc4 41. Rdxd5 (41. bxa3 Rb8+ 42. Ka1 Rc3 43. Ka2 Rc2+ 44. Ka1 Rxg2
$19) 41... Rc1+ (41... Rb8 42. Rb5 Rb4 43. Rxb4 Rxb4 44. Re2 $11) 42. Ka2 axb2
43. Kxb2 R1c2+ 44. Kb3 Rxg2 $17) 39... Rb8 $19 40. f5 (40. R5e3 d4 41. Rd3 Qc2+
42. Ka1 Rcb5 43. Rb1 Nc5 $19) 40... Qc2+ 41. Ka1 Rb3 42. Rc1 (42. fxe6 Rxa3+
43. bxa3 Qc3+) (42. Qa2 a3 43. Rb1 Rxb2 44. Rxb2 axb2+ 45. Qxb2 Ra5+) 42...
Rxa3+ 43. bxa3 Qb3 44. Rxc5 Qxa3+ 45. Kb1 Qb4+ $1 (45... Qb4+ 46. Ka2 Qxc5 47.
fxe6 Qc2+ 48. Ka1 Qc3+ $19) 0-1

[Event "Cappelle op 31st"]
[Site "Cappelle la Grande"]
[Date "2015.03.03"]
[Round "5"]
[White "Wagner, Dennis"]
[Black "Iturrizaga Bonelli, Eduardo"]
[Result "1/2-1/2"]
[WhiteElo "2523"]
[BlackElo "2640"]
[Annotator "RR"]
[PlyCount "50"]
[EventDate "2015.02.28"]
[EventType "swiss"]
[EventRounds "9"]
[EventCountry "FRA"]
[SourceTitle "EXT 2016"]
[Source "ChessBase"]
[SourceDate "2015.10.08"]
[SourceVersion "1"]
[SourceVersionDate "2015.10.08"]
[SourceQuality "1"]

1. d4 Nf6 2. c4 b6 {Un ordre de coups assez douteux} 3. Nc3 Bb7 4. Qc2 e6 5. e4
$1 Bb4 6. Bd3 Bxc3+ 7. bxc3 d6 8. Ne2 Nc6 9. O-O e5 {La position est proche
d'une variante Saemisch mais les Blancs ont économisé le coup a3} (9... Na5
10. f4 Qd7 11. e5 Ng4 12. h3 Nh6 13. Ng3 O-O-O 14. exd6 cxd6 15. f5 Qc6 16. Bg5
Rd7 17. Rae1 Nxc4 18. Kh2 Re8 19. Nh5 Rg8 20. Qe2 b5 21. a4 a6 22. axb5 axb5
23. fxe6 fxe6 24. Bxh7 Rh8 25. Bg6 Qd5 26. h4 Nf5 27. Nf4 Nxd4 28. Nxd5 Nxe2
29. Ne7+ Rxe7 30. Bxe7 Nxc3 31. Rf8+ Rxf8 32. Bxf8 Ne5 33. Bc2 Ng4+ 34. Kg1 Nd5
35. Be4 Ngf6 36. Bf3 Kd7 37. Bxg7 Ke7 38. Rf1 Ne8 39. Bf8+ {Semcesen,D (2490)
-Karttunen,M (2434) Porto Carras 2011 1-0}) 10. f4 Nd7 11. fxe5 dxe5 12. Ba3
Ne7 13. c5 $146 (13. Ng3 c5 14. Rab1 Qc7 15. d5 O-O {1-0 (15) Kostic,B-Mueller,
H Bardejov 1926}) 13... O-O 14. Qb3 Rb8 15. cxb6 axb6 16. Ng3 c5 17. Bc4 $16
Qe8 18. Bb5 (18. Rad1) 18... exd4 19. cxd4 Bc6 20. Be2 (20. Rad1) 20... cxd4
21. Qb4 Nc5 22. Qxd4 Ng6 23. Bb2 Ne6 24. Qc3 Bb5 25. Bxb5 Qxb5 1/2-1/2